00387nam a2200121Ia 4500008004100000245007400041260004500115260000900160300000800169500001300177650001300190856006200203170516s9999 xx 000 0 und d 2aA promising choice in hypertension treatment: Fixed-dose combinations bAsian Journal of Pharmaceutical Sciences c2014 a9:1 aFebruary xPharmacy uhttp://www.sciencedirect.com/science/journal/18180876/9/1